Phân tích các nhân tố ảnh hưởng đến quyết định mua điện thoại di động nhãn hiệu Samsung tại thành phố Cần Thơ : Luận văn tốt nghiệp cao học. Chuyên ngành Quản trị kinh doanh

Nội dung của luận văn nghiên cứu mô tả và phân tích thực trạng thị trường điện thoại di động Samsung tại TP. Cần Thơ; Phân tích để tìm ra các nhân tố ảnh hưởng đến quyết định mua điện thoại di động nhãn hiệu Samsung của khách hàng tại TP. C...

Description complète

Enregistré dans:
Détails bibliographiques
Auteur principal: Dương, Hoàng Nhiên
Format: Livre
Langue:Undetermined
Publié: Cần Thơ Trường Đại học Cần Thơ 2016
Sujets:
Tags: Ajouter un tag
Pas de tags, Soyez le premier à ajouter un tag!
Thư viện lưu trữ: Trung tâm Học liệu Trường Đại học Cần Thơ
LEADER 01537nam a2200217Ia 4500
001 CTU_209564
008 210402s9999 xx 000 0 und d
082 |a 658.834 
082 |b Nh305 
088 |a 60340102 
100 |a Dương, Hoàng Nhiên 
245 0 |a Phân tích các nhân tố ảnh hưởng đến quyết định mua điện thoại di động nhãn hiệu Samsung tại thành phố Cần Thơ : 
245 0 |b Luận văn tốt nghiệp cao học. Chuyên ngành Quản trị kinh doanh 
245 0 |c Dương Hoàng Nhiên ; Nguyễn Tuấn Kiệt (Hướng dẫn khoa học) 
260 |a Cần Thơ 
260 |b Trường Đại học Cần Thơ 
260 |c 2016 
520 |a Nội dung của luận văn nghiên cứu mô tả và phân tích thực trạng thị trường điện thoại di động Samsung tại TP. Cần Thơ; Phân tích để tìm ra các nhân tố ảnh hưởng đến quyết định mua điện thoại di động nhãn hiệu Samsung của khách hàng tại TP. Cần Thơ; Đề xuất các kiến nghị có tính khả thi nhằm đáp ứng tối đa sự lựa chọn của khách hàng khi mua điện thoại di động nhãn hiệu Samsung tại TP. Cần Thơ. 
650 |a Consumer behavior,Hành vi tiêu dùng 
904 |i Lê Thị Mỹ Linh (Nguyên) 
980 |a Trung tâm Học liệu Trường Đại học Cần Thơ